000 00675nam a2200289Ia 4500
005 20260324144525.0
008 008 260324s9999 xx 000 0 eng d
020 _a9780203056479
037 _aEBOOK
040 _aCRL
040 _beng
040 _cCRL
041 _2eng
041 _aeng
084 _qCRL
100 _aD Rosemary Cassano
_91217918
245 0 _aYou Bring Out the Music in Me
245 0 _bMusic in Nursing Homes
260 _bTaylor and Francis
260 _c1987
365 _a
365 _b220
856 _uhttp://www.taylorfrancis.com/books/9780203056479
942 _cEBOOK
999 _c1826358
_d1826358